000 00807cam a2200217 4500
001 ABS61141
008 000000n1999 000 0 eng u
035 _a(Sirsi) u101706
100 _aBenyon, L.
245 _aUniversity challenge.
260 _c1999
490 _aProperty Week
_v64(32) 20 August 1999, 22-23(2)
520 _aLooks at the latest report from the RICS education task force, which claims that fewer candidates are choosing the property profession as their career and universities are accepting lower A-level grades onto their courses. "
650 _aAGENDA FOR CHANGE
650 _aCAREERS, EDUCATION AND TRAINING
650 _aRICS
650 _aINVESTING IN FUTURES
650 _aUNIVERSITIES
690 _aMANAGEMENT-BUSINESS MANAGEMENT-PROFESSIONAL PRACTICE
942 _n0
999 _c60831
_d60831